| 000 | 00499nam a2200169 4500 | ||
|---|---|---|---|
| 001 | 127825 | ||
| 003 | ES-MaACL | ||
| 005 | 20230906193109.0 | ||
| 007 | t| | ||
| 008 | 070214s1904 sp r ||||1| spa d | ||
| 100 | 1 |
_aRivas Moreno, Francisco. _997583 |
|
| 245 | 1 | 4 |
_aLas cajas rurales _b: el crédito agrícola, la cooperación, el ahorro / _cRivas Moreno. |
| 250 | _a4ª ed. | ||
| 260 |
_aValencia : _bFrancisco Vives Mora, _c1904. |
||
| 300 |
_a409 p. ; _c22 cm. |
||
| 852 |
_aES-MaACL _jF-10443 |
||
| 999 |
_c127825 _d127825 |
||